Normal view
MARC view
- WELDING METALS
Entry Topical Term
001 - CONTROL NUMBER
- control field: 75457
003 - CONTROL NUMBER IDENTIFIER
- control field: NUST
005 - DATE AND TIME OF LATEST TRANSACTION
- control field: 20210628205420.0
008 - FIXED-LENGTH DATA ELEMENTS
- fixed length control field: 210628|| aca||aabn | a|a d
040 ## - CATALOGING SOURCE
- Original cataloging agency: NUST
- Transcribing agency: NUST
150 ## - HEADING--TOPICAL TERM
- Topical term or geographic name entry element: WELDING METALS
670 ## - SOURCE DATA FOUND
- Source citation: Work cat.: (NUST): ALTHOUSE, ANDREW A,BOWDITCH, WILLIAM A,TURNQUIST, CARL H 75456, MODERN WELDING COMPLETE COVERAGE OF THE WELDING FIELD IN ONE EASY-TO-USE VOLUME, 1980
